000 01234cam a2200289 i 4500
003 IT-RoINE
005 20221124105251.0
008 901213s1989 sp r | spa d
020 _a8470092979
040 _aSpMaBN
_cSpMaBN IT-RoINE
_dIT-RoINE
100 1 _aGonzález Novalín, José Luis,
_d1929-2020
_921669
245 1 0 _aHistoria de la Iglesia en la edad antigua /
_cJosé Luis González Novalín. Historia de la Iglesia en la edad media / Alberto Pacho Polvorinos
260 _aBurgos :
_bAldecoa,
_cD.L. 1989.
300 _a429 p. ;
_c24 cm.
336 _2rdacontent
_atext
337 _2rdamedia
_aunmediated
338 _2rdacarrier
_avolume
500 _aPrecede al tít.: Instituto de Teología a Distancia
500 _aEn la portada: Para uso de los alumnos.
500 _aEn el lomo: 12
504 _aIncluye referencias bibliográficas.
650 4 _aIglesia
_y600-1500 (Edad media)
_952574
_xHistoria
650 4 _aIglesia
_yca. 30-600 (Iglesia primitiva)
_944547
_xHistoria
700 1 _aPacho Polvorinos, Alberto.
_tHistoria de la Iglesia en la edad media
_957183
710 2 _93158
_aFacultad de Teología del Norte de España (Burgos y Vitoria, España).
_bInstituto de Teología a Distancia
942 _cMTS
999 _c29117
_d29117